| 000 | 01082cam a22002414a 4500 | ||
|---|---|---|---|
| 999 |
_c57848 _d57848 |
||
| 001 | 16678001 | ||
| 005 | 20221114151742.0 | ||
| 008 | 110304s2011 enk b 001 0 eng | ||
| 020 | _a9780230221840x | ||
| 041 | _aeng | ||
| 080 | _a327.2 R-45 | ||
| 100 | 1 |
_aRees, G. Wyn, _d _910491 |
|
| 245 | 1 | 4 |
_aThe US-EU security relationship : _bthe tensions between a European and a global agenda / _cWyn Rees. |
| 264 |
_aNew York : _bPalgrave Macmillan, _c2011. |
||
| 300 |
_a236 p. ; _c23 cm. |
||
| 653 | _aThe US-EU Security Relationship | ||
| 653 | _aThe Tensions between a European and a Global Agenda | ||
| 653 | _aაშშ-ევროკავშირის უსაფრთხოება | ||
| 653 | _aევროპასა და გლობალურ დღის წესრიგებს შორის დაძაბულობა | ||
| 653 | _aОтношения безопасности США и ЕС | ||
| 653 | _aнапряженность между европейской и глобальной повесткой дня | ||
| 942 |
_2udc _cBK |
||